| 000 | 01210nam a2200313 i 4500 | ||
|---|---|---|---|
| 001 | bg | ||
| 003 | KOSZ 005 | ||
| 005 | 20230118152019.0 | ||
| 008 | 970620s1994 pl a f f |000 0 pol | ||
| 015 | _aPB 1995/7644 | ||
| 035 | _a(OCoLC)833967457 | ||
| 040 |
_aWA N _cKOSZ 005/HR _dKOSZ 005/HR |
||
| 080 | _a514.18 | ||
| 080 | _a(075.8) | ||
| 100 | 1 |
_aPałasiński, Zbigniew _d(1921-1991) _eAutor |
|
| 245 | 1 | 0 |
_aZasady odwzorowań utworów przestrzennych na płaszczyźnie rysunku. _nCz. 1 / _cZbigniew Pałasiński ; Politechnika Krakowska im. Tadeusza Kościuszki. |
| 250 | _aWyd. 7. | ||
| 260 |
_aKraków : _bPK, _c1994. |
||
| 300 |
_a106 s. : _brys., wykr. ; _c24 cm. |
||
| 380 | _aKsiążki. | ||
| 504 | _aBibliogr. s. 103. | ||
| 521 | _aSkrypt dla studentów wyższych szkół technicznych do przedmiotu Geometria wykreślna i perspektywa obiektywna. | ||
| 658 | _aMatematyka | ||
| 655 | 4 | _aPodręczniki akademickie | |
| 650 | 4 | _aGeometria wykreślna | |
| 710 | 2 |
_aPolitechnika Krakowska im. Tadeusza Kościuszki _bWydawnictwo _4pbl. |
|
| 856 |
_uhttp://koha.tu.koszalin.pl/cgi-bin/koha/opac-detail.pl?biblionumber=24372 _yKatalog online BPK |
||
| 942 |
_2UKD _cKS |
||
| 999 |
_c24372 _d24372 |
||